Estadísticas para Escudos de fútbol: Inglaterra

Haz click aquí para intentar la prueba.

Estadísticas generales

  • Esta prueba ha sido intentada 157 veces
  • La puntuación promedio es 12 de 14

Estadísticas de respuestas

Respuesta% Correcto
Manchester City
98%
Manchester United
98%
Tottenham Hotspur
98%
Arsenal
97%
Fulham
97%
Nottingham Forest
97%
Leicester City
96%
Leeds United
95%
Liverpool
94%
Wolverhampton Wanderers
88%
Norwich City
83%
Derby County
68%
Luton Town
65%
Bolton Wanderers
61%

Distribución de puntuación

Porcentaje por número respondido

Porcentaje de gente con cada puntuación

Historial de tus puntuaciones

No has intentado esta prueba.